| 000 | 00578nam a2200193Ia 4500 | ||
|---|---|---|---|
| 008 | 130530t2010 xxu||||| |||| 00| 0 sin d | ||
| 041 | _asin | ||
| 080 |
_a8-31 (eng) _bBAR |
||
| 100 | _aBaros,Edga Rice | ||
| 245 | _aකාලයට අමතක වූ දේශය | ||
| 246 | _aKalayata Amathaka u Deshaya | ||
| 260 |
_aSooriya _aColombo _c2010 |
||
| 300 | _b117p, 21 cm | ||
| 500 | _aSinhalese translation of Edga Rice Baros's of The Land That Time Forgot | ||
| 700 |
_aSellahewa,Anada _etr. |
||
| 942 | _cBK | ||
| 999 |
_c42222 _d42222 |
||
| 003 | LK-CoDNM | ||
| 040 |
_aLK-CoDNM _dLK-CoDNM _eLK-CoDNM |
||